| 000 | 00819na a2200253 4500 | ||
|---|---|---|---|
| 001 | 17977 | ||
| 003 | MIRAKIL | ||
| 005 | 20181213155033.0 | ||
| 008 | 161109b tu 000 0 | ||
| 035 | _a17977 | ||
| 040 |
_aMilas _btur _cTR-AnCHP |
||
| 041 | _atur | ||
| 082 |
_aCHP 351.00352 _bK91t [2000?] |
||
| 090 | _aCHP 351.00352 K91t [2000?] | ||
| 100 | _aKüçük, Ahmet | ||
| 245 |
_aTBMM çalışmaları _b24.12.1995/18.04.1999 _cAhmet Küçük |
||
| 260 |
_aAnkara _b[yayl. y.] _c[2010?] |
||
| 300 |
_a78 s. _c21 sm. |
||
| 600 |
_aKüçük, Ahmet _cİnşaat Mühendisi, CHP Çanakkale Milletvekili, CHP MYK Üyesi, _xMeclis çalışmaları |
||
| 610 |
_aTBMM _xYasama çalışmaları |
||
| 610 |
_aCHP _xMeclis çalışmaları |
||
| 650 |
_aCHP milletvekilleri _xMeclis çalışmaları |
||
| 942 |
_2ddc _cBKS |
||
| 999 |
_c5324 _d5324 |
||